[Event "CAN-ch U12 Girls"]
[Site "Quebec"]
[Date "2008.07.16"]
[Round "6"]
[White "Jodoin, Gabrielle"]
[Black "Xu, Grace"]
[Result "0-1"]
[WhiteElo "1070"]
[BlackElo "1202"]
[PlyCount "114"]
[EventDate "2008.07.14"]
[EventType "swiss"]
[EventRounds "6"]
[EventCountry "CAN"]
[SourceTitle "EXT 2011"]
[Source "ChessBase"]
[SourceDate "2010.11.26"]
[SourceVersion "1"]
[SourceVersionDate "2010.11.26"]
[SourceQuality "1"]

1. e4 e6 2. d4 d5 3. Nc3 Nc6 4. Be3 Bb4 5. Qd2 h6 6. 0-0-0 Nf6 7. f3 dxe4 8. a3 Ba5 9. h3 e5 10. dxe5 Qxd2+ 11. Bxd2 Nxe5 12. b4 Bb6 13. fxe4 0-0 14. Nf3 Nxf3 15. gxf3 Be6 16. Bf4 Rad8 17. Be2 Bd4 18. Nb5 Bb6 19. Nxc7 Bxc7 20. Bxc7 Rc8 21. Bd6 Rfe8 22. Bb5 Red8 23. Be7 Rxd1+ 24. Rxd1 Nh5 25. f4 Nxf4 26. h4 a6 27. Ba4 b5 28. Bb3 Bxb3 29. c3 Bxd1 30. Kxd1 Rxc3 31. Kd2 Rxa3 32. Bd6 g5 33. hxg5 hxg5 34. e5 Kg7 35. Kc2 f6 36. Kb2 Rh3 37. exf6+ Kxf6 38. Kc2 Kf5 39. Kd2 g4 40. Bc5 Ke4 41. Kc2 Rd3 42. Kb2 g3 43. Kc2 g2 44. Kb2 Rg3 45. Kc2 g1Q 46. Bxg1 Rxg1 47. Kd2 Nd5 48. Kc2 Nxb4+ 49. Kc3 a5 50. Kb3 Rg3+ 51. Kb2 a4 52. Ka1 Rg2 53. Kb1 Kd3 54. Ka1 Kc3 55. Kb1 Rf2 56. Ka1 Kb3 57. Kb1 Rf1# 0-1

[Event "CAN-ch U12 Girls"]
[Site "Quebec"]
[Date "2008.07.16"]
[Round "5"]
[White "Powell, Ashley"]
[Black "Jodoin, Gabrielle"]
[Result "1-0"]
[WhiteElo "1234"]
[BlackElo "1070"]
[PlyCount "53"]
[EventDate "2008.07.14"]
[EventType "swiss"]
[EventRounds "6"]
[EventCountry "CAN"]
[SourceTitle "EXT 2011"]
[Source "ChessBase"]
[SourceDate "2010.11.26"]
[SourceVersion "1"]
[SourceVersionDate "2010.11.26"]
[SourceQuality "1"]

1. e4 e5 2. Nf3 Nf6 3. Bc4 Nc6 4. d4 exd4 5. e5 d5 6. Bb5 Ne4 7. Nxd4 Bc5 8. Be3 Bd7 9. Bxc6 bxc6 10. 0-0 0-0 11. Nd2 Nxd2 12. Qxd2 Bb6 13. Nb3 Bxe3 14. Qxe3 Re8 15. Nc5 Bf5 16. c3 Rb8 17. b4 f6 18. Qf4 Rxe5 19. Qd4 Qd6 20. Na6 Rb6 21. Nc5 Bg6 22. Na4 Rh5 23. g3 Rb5 24. Qxa7 Bf5 25. Rae1 Bh3 26. Qa8+ Kf7 27. Qe8# 1-0

[Event "CAN-ch U10 Girls"]
[Site "Ottawa"]
[Date "2007.07.05"]
[Round "6"]
[White "Jodoin, Gabrielle"]
[Black "Baxter, Tiffany"]
[Result "1-0"]
[WhiteElo "1075"]
[BlackElo "832"]
[PlyCount "67"]
[EventDate "2007.07.03"]
[EventType "swiss"]
[EventRounds "6"]
[EventCountry "CAN"]
[SourceTitle "EXT 2022"]
[Source "ChessBase"]
[SourceDate "2021.10.06"]
[SourceVersion "1"]
[SourceVersionDate "2021.10.06"]
[SourceQuality "1"]

1. e4 a6 2. Nf3 Nh6 3. d4 Nc6 4. Nc3 g6 5. Bc4 b6 6. 0-0 b5 7. Bd3 g5 8. d5 Na5 9. Bxg5 f6 10. Be3 Nb7 11. Qc1 Nd6 12. Bxh6 Nf7 13. Bxf8 Rxf8 14. d6 cxd6 15. e5 dxe5 16. a4 Bb7 17. axb5 axb5 18. Nxb5 Rc8 19. b3 Nh8 20. Bc4 Ra8 21. Qh6 Nf7 22. Qxh7 Bc6 23. Rxa8 Bxa8 24. Ra1 Bc6 25. Ra7 d6 26. Nc7+ Kd7 27. Ne6+ Bb7 28. Rxb7+ Kc8 29. Nxd8 Rxd8 30. Rxe7 Ng5 31. Ba6+ Kb8 32. Rb7+ Ka8 33. Qc7 Rb8 34. Qxb8# 1-0